Disability discrimination (Record no. 80074)
[ view plain ]
| 000 -LEADER | |
|---|---|
| fixed length control field | 01302cab a22002055a 4500 |
| 001 - CONTROL NUMBER | |
| control field | L143154 |
| 008 - FIXED-LENGTH DATA ELEMENTS--GENERAL INFORMATION | |
| fixed length control field | 080411s2008 xxk f 000 0 eng d |
| 035 ## - SYSTEM CONTROL NUMBER | |
| System control number | (Sirsi) u143154 |
| 041 0# - LANGUAGE CODE | |
| Language code of text/sound track or separate title | eng |
| 100 1# - MAIN ENTRY--PERSONAL NAME | |
| Personal name | Fowler, Stephen |
| 245 00 - TITLE STATEMENT | |
| Title | Disability discrimination |
| 260 ## - PUBLICATION, DISTRIBUTION, ETC. | |
| Date of publication, distribution, etc. | 2008 |
| 490 ## - SERIES STATEMENT | |
| Series statement | Letting Update Journal |
| Volume/sequential designation | 16(1) April 2008, 30-31(2) |
| 520 ## - SUMMARY, ETC. | |
| Summary, etc. | Discusses obstacles to landlords seeking possession of a property. Makes particular reference to the Disability Discrimination Act 1995 (DDA). Reports on the case of Lewisham v Malcolm (L143153). This considered the case of a council tenant who had lost his protected tenancy status through subletting, which was against the terms of his tenancy. His defence rested upon his diagnosis of schizophrenia, which caused him to make irrational decisions. His appeal against possession proceedings was successful but his protected tenancy was not restored. Warns that possession proceedings can fall foul of the DDA even where tenancy conditions have been breached. |
| 590 ## - LOCAL NOTE (RLIN) | |
| Local note | KA |
| 651 #4 - SUBJECT ADDED ENTRY--GEOGRAPHIC NAME | |
| Geographic name | England and Wales |
| Chronological subdivision | 1543- |
| 690 ## - LOCAL SUBJECT ADDED ENTRY--TOPICAL TERM (OCLC, RLIN) | |
| Topical term or geographic name as entry element | MANAGEMENT-BUSINESS MANAGEMENT-DISCRIMINATION-DISABILITY DISCRIMINATION |
| 690 ## - LOCAL SUBJECT ADDED ENTRY--TOPICAL TERM (OCLC, RLIN) | |
| Topical term or geographic name as entry element | PROPERTY-RESIDENTIAL PROPERTY-RESIDENTIAL LANDLORD AND TENANT-RESIDENTIAL TENANCIES-ASSURED TENANCIES |
| 942 ## - ADDED ENTRY ELEMENTS (KOHA) | |
| Suppress in OPAC | 0 |
| Withdrawn status | Lost status | Source of classification or shelving scheme | Damaged status | Not for loan | Home library | Current library | Shelving location | Date acquired | Total Checkouts | Full call number | Barcode | Date last seen | Copy number | Price effective from | Koha item type |
|---|---|---|---|---|---|---|---|---|---|---|---|---|---|---|---|
| Dewey Decimal Classification | London | London | Journal article | 11/04/2008 | L143154 | 143154-1001 | 06/08/2019 | 1 | 06/08/2019 | Journal article |